[Event "Belt and Road Hunan op-C"]
[Site "Changsha"]
[Date "2019.08.02"]
[Round "8"]
[White "Chen, Yuan"]
[Black "Tao, Qibing"]
[Result "1/2-1/2"]
[WhiteElo "1594"]
[BlackElo "1939"]
[PlyCount "86"]
[EventDate "2019.07.29"]
[EventType "swiss"]
[EventRounds "9"]
[EventCountry "CHN"]
[SourceTitle "EXT 2020"]
[Source "ChessBase"]
[SourceDate "2019.10.17"]
[SourceVersion "1"]
[SourceVersionDate "2019.10.17"]
[SourceQuality "1"]

1. d4 Nf6 2. c4 e6 3. Nf3 Be7 4. Nc3 0-0 5. e4 d6 6. Bd3 Nbd7 7. 0-0 e5 8. d5 Nc5 9. Bc2 Bg4 10. b4 Ncd7 11. a3 a5 12. Rb1 axb4 13. axb4 b6 14. Be3 Bh5 15. h3 Qc8 16. Ba4 Rd8 17. Bc6 Ra3 18. Nb5 Ra6 19. Nc3 Nf8 20. c5 Ng6 21. Bb5 Ra3 22. Rc1 bxc5 23. bxc5 dxc5 24. Be2 c6 25. Nb1 Ra5 26. Qe1 Ra2 27. Bxc5 Bxc5 28. Rxc5 Nf4 29. Nc3 Nxe2+ 30. Nxe2 Bxf3 31. gxf3 Qxh3 32. dxc6 Nh5 33. c7 Rc8 34. Rd5 h6 35. Rd8+ Kh7 36. Rxc8 Qxc8 37. Qc3 Rxe2 38. Qxe5 Rc2 39. Qxh5 Qxc7 40. Qf5+ g6 41. Qf6 Rc6 42. Qd4 Rc4 43. Qf6 Qc6 1/2-1/2

[Event "Bai Xue Cup"]
[Site "Ningbo"]
[Date "2017.04.30"]
[Round "5"]
[White "Chen, Yuan"]
[Black "Ma, Ling"]
[Result "1/2-1/2"]
[WhiteElo "1709"]
[BlackElo "2034"]
[PlyCount "55"]
[EventDate "2017.04.29"]
[EventType "swiss"]
[EventRounds "7"]
[EventCountry "CHN"]
[SourceTitle "EXT 2018"]
[Source "ChessBase"]
[SourceDate "2017.10.13"]
[SourceVersion "1"]
[SourceVersionDate "2017.10.13"]
[SourceQuality "1"]

1. d4 Nf6 2. c4 g6 3. g3 Bg7 4. Bg2 d5 5. Nc3 c6 6. cxd5 cxd5 7. Nf3 0-0 8. 0-0 Nc6 9. Bf4 Ne4 10. Rc1 Bf5 11. Nh4 Nxd4 12. Nxf5 gxf5 13. Be3 e5 14. f4 Qd6 15. fxe5 Qxe5 16. Bf4 Nxc3 17. Bxe5 Nxd1 18. Bxg7 Nxe2+ 19. Kh1 Nxc1 20. Bxf8 Nd3 21. Bh6 f4 22. gxf4 N1f2+ 23. Kg1 Ng4 24. Rf3 Nxh6 25. Rxd3 Rc8 26. Rc3 Rd8 27. Rd3 Rc8 28. Rc3 1/2-1/2

[Event "Bai Xue Cup"]
[Site "Ningbo"]
[Date "2017.04.29"]
[Round "2"]
[White "Chen, Yuan"]
[Black "Liu, Zhaoqi"]
[Result "1-0"]
[WhiteElo "1709"]
[BlackElo "2176"]
[PlyCount "121"]
[EventDate "2017.04.29"]
[EventType "swiss"]
[EventRounds "7"]
[EventCountry "CHN"]
[SourceTitle "EXT 2018"]
[Source "ChessBase"]
[SourceDate "2017.10.13"]
[SourceVersion "1"]
[SourceVersionDate "2017.10.13"]
[SourceQuality "1"]

1. d4 Nf6 2. c4 c5 3. d5 e6 4. Nc3 exd5 5. cxd5 d6 6. Nf3 g6 7. e4 Bg7 8. Bb5+ Bd7 9. Bxd7+ Nbxd7 10. 0-0 a6 11. Bf4 Qb6 12. Qe2 0-0 13. Qc2 Rfe8 14. Nd2 Nh5 15. Be3 Qc7 16. a4 Ne5 17. h3 c4 18. a5 Rac8 19. f4 Ng3 20. fxe5 Nxf1 21. Rxf1 Bxe5 22. Nf3 Bg7 23. Ng5 Re7 24. Bb6 Qd7 25. Qf2 h6 26. Nf3 Bxc3 27. bxc3 Rxe4 28. Nd2 Re5 29. Bd4 Rf5 30. Qh4 h5 31. Rxf5 Qxf5 32. Ne4 Re8 33. Nf6+ Kf8 34. Nxe8 Kxe8 35. Bb6 g5 36. Qxc4 Kf8 37. Bc7 Qe5 38. Qd4 Qe1+ 39. Kh2 Ke7 40. Bb6 Qf1 41. Qe3+ Kf6 42. Qf2+ Qxf2 43. Bxf2 Ke5 44. c4 f5 45. Kg1 f4 46. Kf1 g4 47. hxg4 hxg4 48. Ke2 Ke4 49. Bg1 Kf5 50. Kd3 Ke5 51. Bd4+ Kf5 52. c5 dxc5 53. Bxc5 Ke5 54. d6 Ke6 55. Ke4 f3 56. gxf3 gxf3 57. Kxf3 Kd7 58. Ke4 Kc6 59. Ke5 Kd7 60. Kd5 Kc8 61. Ke6 1-0